[Event "Villa Ballester op 73rd"]
[Site "Buenos Aires"]
[Date "2024.01.26"]
[Round "7"]
[White "Lopez, Ricardo"]
[Black "Sanz, Luis"]
[Result "1/2-1/2"]
[WhiteElo "1945"]
[BlackElo "2105"]
[PlyCount "66"]
[EventDate "2024.01.19"]
[EventType "swiss"]
[EventRounds "9"]
[EventCountry "ARG"]
[SourceTitle "CB06_2024"]
[SourceDate "2024.02.07"]
[SourceVersion "1"]
[SourceVersionDate "2024.02.07"]
[SourceQuality "1"]

1. d4 Nf6 2. c4 e6 3. Nf3 d5 4. Nc3 Bb4 5. cxd5 exd5 6. Bg5 Nbd7 7. e3 c5 8. dxc5 Qa5 9. Rc1 Ne4 10. Qxd5 Nxc3 11. bxc3 Bxc3+ 12. Kd1 0-0 13. Be7 Re8 14. Bd6 Nf6 15. Qb3 Ne4 16. Bc4 Be6 17. Bxe6 Rxe6 18. Ng5 Rxd6+ 19. cxd6 Qxg5 20. Qxb7 Re8 21. d7 Nxf2+ 22. Kc2 Rd8 23. Kxc3 Qxe3+ 24. Kb2 Nd3+ 25. Kb1 Nxc1 26. Rxc1 Qd3+ 27. Kb2 Qd4+ 28. Kb3 Kf8 29. Rc8 Qd1+ 30. Ka3 Qd3+ 31. Ka4 Qd4+ 32. Ka3 Qd3+ 33. Ka4 Qd4+ 1/2-1/2

[Event "Villa Ballester op 73rd"]
[Site "Buenos Aires"]
[Date "2024.01.19"]
[Round "1"]
[White "Lopez, Ricardo"]
[Black "Depiante, Ivan Fernando"]
[Result "1-0"]
[WhiteElo "1945"]
[BlackElo "1346"]
[PlyCount "115"]
[EventDate "2024.01.19"]
[EventType "swiss"]
[EventRounds "9"]
[EventCountry "ARG"]
[SourceTitle "CB06_2024"]
[SourceDate "2024.02.07"]
[SourceVersion "1"]
[SourceVersionDate "2024.02.07"]
[SourceQuality "1"]

1. c4 Nf6 2. Nf3 e6 3. g3 Nc6 4. Bg2 b6 5. 0-0 Bb7 6. d4 d5 7. Nc3 Be7 8. cxd5 exd5 9. Ne5 0-0 10. Qa4 Nxe5 11. dxe5 Ne8 12. Rd1 c6 13. e4 b5 14. Qb3 d4 15. Ne2 c5 16. Qxb5 Qb6 17. Qxb6 axb6 18. b3 Nc7 19. Nf4 Rfd8 20. Bb2 g6 21. h4 Bf8 22. Ne2 Bg7 23. f4 Ba6 24. Kf2 Bb7 25. a4 Ra7 26. Rdc1 Rc8 27. a5 d3 28. Ng1 Ra6 29. Ke3 Rd8 30. Rd1 bxa5 31. Rxd3 Rxd3+ 32. Kxd3 Rb6 33. Kc2 Rb4 34. Rxa5 Ne6 35. Ra4 Bc6 36. Rxb4 cxb4 37. Nh3 Bf8 38. Nf2 Bc5 39. Nd3 Be7 40. f5 Nc5 41. Nxb4 Bxe4+ 42. Bxe4 Nxe4 43. Nd5 Bd8 44. Nf6+ Bxf6 45. exf6 Nxf6 46. fxg6 hxg6 47. b4 Ne4 48. b5 Nd6 49. b6 Kh7 50. Bc1 g5 51. hxg5 Kg6 52. Kd3 Kf5 53. Kd4 Ke6 54. Kc5 Kd7 55. Kd5 Ne8 56. Ba3 Kc8 57. Kc6 Kb8 58. Kd7 1-0

[Event "Villa Ballester op 72nd"]
[Site "Villa Ballester"]
[Date "2023.01.24"]
[Round "6"]
[White "Pena, Miguel"]
[Black "Lopez, Ricardo"]
[Result "1/2-1/2"]
[WhiteElo "1909"]
[BlackElo "1974"]
[PlyCount "39"]
[EventDate "2023.01.18"]
[EventType "swiss"]
[EventRounds "9"]
[EventCountry "ARG"]
[SourceTitle "EXT 2024"]
[Source "ChessBase"]
[SourceDate "2023.10.10"]
[SourceVersion "1"]
[SourceVersionDate "2023.10.10"]
[SourceQuality "1"]

1. e4 c5 2. Nf3 e6 3. d4 cxd4 4. Nxd4 a6 5. Nc3 Qc7 6. Be2 Bb4 7. 0-0 Nf6 8. Bf3 Nc6 9. Nxc6 dxc6 10. Be3 b5 11. a4 Rb8 12. axb5 axb5 13. Ne2 e5 14. c3 Be7 15. Ra7 Rb7 16. Ra8 0-0 17. b3 Be6 18. Rxf8+ Bxf8 19. Qc2 Rb8 20. Ra1 1/2-1/2

[Event "ARG-ch 96th"]
[Site "Buenos Aires"]
[Date "2022.06.12"]
[Round "11"]
[White "Lopez, Ricardo"]
[Black "Beroiz, Julian"]
[Result "1/2-1/2"]
[WhiteElo "1970"]
[BlackElo "2086"]
[PlyCount "60"]
[EventDate "2022.06.02"]
[EventType "swiss"]
[EventRounds "11"]
[EventCountry "ARG"]
[SourceTitle "EXT 2023"]
[Source "ChessBase"]
[SourceDate "2022.10.05"]
[SourceVersion "1"]
[SourceVersionDate "2022.10.05"]
[SourceQuality "1"]

1. d4 Nf6 2. c4 e6 3. Nc3 d5 4. cxd5 exd5 5. Bg5 c6 6. e3 Be7 7. Qc2 Nbd7 8. Bd3 0-0 9. h3 Re8 10. Nf3 Ne4 11. Bf4 Ndf6 12. 0-0 Bf8 13. Rfe1 a5 14. Ne5 Nd6 15. f3 g6 16. g4 Bg7 17. Qf2 Be6 18. b3 Nc8 19. Na4 Nd7 20. Nxd7 Bxd7 21. Rac1 Nb6 22. Nc5 Bc8 23. Qg3 Nd7 24. Bc7 Qe7 25. Bd6 Qd8 26. Bc7 Qf6 27. g5 Qe7 28. Bd6 Qd8 29. Bc7 Qe7 30. Bd6 Qd8 1/2-1/2

[Event "Buenos Aires ProAm op 26th"]
[Site "Buenos Aires"]
[Date "2019.10.09"]
[Round "4"]
[White "Lopez, Ricardo"]
[Black "Axarlian, Carlos"]
[Result "1/2-1/2"]
[WhiteElo "2006"]
[BlackElo "2107"]
[PlyCount "102"]
[EventDate "2019.10.06"]
[EventType "team-swiss"]
[EventRounds "8"]
[EventCountry "ARG"]
[SourceTitle "CBM 192 Extra"]
[Source "Chessbase"]
[SourceDate "2019.11.06"]
[SourceVersion "1"]
[SourceVersionDate "2019.11.06"]
[SourceQuality "1"]

1. d4 Nf6 2. Nf3 g6 3. g3 Bg7 4. Bg2 0-0 5. 0-0 d6 6. a4 a5 7. b3 Nc6 8. Bb2 Bf5 9. Nh4 Bd7 10. e4 e5 11. c3 Nh5 12. d5 Nb8 13. Nf3 Na6 14. Ne1 Qe8 15. Nd3 f5 16. Nd2 b6 17. Ba3 Nc5 18. Bxc5 bxc5 19. f3 Nf6 20. Nc4 Qb8 21. Nf2 Bh6 22. Re1 Bg7 23. Rb1 Qd8 24. Bh3 Kh8 25. Qc2 Ng8 26. Rbd1 h5 27. Bg2 f4 28. Nd3 g5 29. Nf2 Bh6 30. g4 hxg4 31. fxg4 Ne7 32. Rd3 Ng6 33. Bf3 Nh4 34. h3 Kg7 35. Kf1 Qb8 36. Ke2 Qb7 37. Rb1 Rfb8 38. Rdd1 Qa6 39. Qd3 Kf6 40. Na3 Qb6 41. c4 Bf8 42. Nb5 Be7 43. Rd2 Rh8 44. Rdd1 Rh7 45. Rd2 Rah8 46. Rdd1 Ng6 47. Rh1 Nh4 48. Rbd1 Rb8 49. Rb1 Rhh8 50. Rhd1 Rhd8 51. Rd2 Ra8 1/2-1/2

[Event "Buenos Aires Szmetan Giardelli op"]
[Site "Buenos Aires"]
[Date "2018.12.07"]
[Round "4"]
[White "Lopez, Ricardo"]
[Black "Cabrera Pando, Ramiro"]
[Result "0-1"]
[WhiteElo "1989"]
[BlackElo "2201"]
[PlyCount "94"]
[EventDate "2018.12.04"]
[EventType "swiss"]
[EventRounds "9"]
[EventCountry "ARG"]
[SourceTitle "CBM 187 Extra"]
[Source "ChessBase"]
[SourceDate "2018.11.04"]
[SourceVersion "1"]
[SourceVersionDate "2018.11.04"]
[SourceQuality "1"]

1. e4 g6 2. d4 Bg7 3. Nc3 a6 4. a4 b6 5. Be3 d6 6. Qd2 Nd7 7. Nge2 Bb7 8. f3 h5 9. h4 Ngf6 10. Ng3 Qb8 11. Be2 c6 12. 0-0 Qc7 13. Nh1 b5 14. Nf2 Nb6 15. Nh3 Nc4 16. Bxc4 bxc4 17. a5 Nd7 18. Qe2 d5 19. Kh1 0-0 20. Qd2 Rfe8 21. Bh6 Bh8 22. exd5 cxd5 23. Rfe1 e5 24. dxe5 Rxe5 25. Bf4 Rxe1+ 26. Qxe1 Qc6 27. Ng5 Bf6 28. Qg3 Nc5 29. Re1 d4 30. Nce4 Nxe4 31. Nxe4 Bg7 32. Be5 Re8 33. Bxg7 Kxg7 34. Rd1 Qd5 35. Nd6 Re7 36. Rxd4 Qxa5 37. Nxb7 Rxb7 38. Rxc4 Rxb2 39. c3 Rc2 40. Qg5 Rc1+ 41. Kh2 Qa1 42. Kg3 Rc2 43. Qd5 Qe1+ 44. Kh2 Qf1 45. Qd4+ Kh7 46. Kg3 Rxg2+ 47. Kf4 Rg4+ 0-1

[Event "Buenos Aires Szmetan Giardelli op"]
[Site "Buenos Aires"]
[Date "2018.12.05"]
[Round "2"]
[White "Lopez, Ricardo"]
[Black "Miranda, Rafael"]
[Result "0-1"]
[WhiteElo "1989"]
[BlackElo "2302"]
[PlyCount "84"]
[EventDate "2018.12.04"]
[EventType "swiss"]
[EventRounds "9"]
[EventCountry "ARG"]
[SourceTitle "CBM 187 Extra"]
[Source "ChessBase"]
[SourceDate "2018.11.04"]
[SourceVersion "1"]
[SourceVersionDate "2018.11.04"]
[SourceQuality "1"]

1. Nf3 Nf6 2. c4 e6 3. Nc3 d5 4. d4 c6 5. e3 Nbd7 6. Qc2 Bd6 7. b3 0-0 8. Be2 Re8 9. 0-0 Qe7 10. Rd1 b6 11. e4 dxe4 12. Nxe4 Nxe4 13. Qxe4 Bb7 14. Bb2 Nf6 15. Qh4 c5 16. Ne5 Rad8 17. dxc5 Bxc5 18. Ng4 Nxg4 19. Qxe7 Bxe7 20. Bxg4 f5 21. Bh5 g6 22. Be2 Kf7 23. Be5 Bf6 24. Bxf6 Kxf6 25. f4 e5 26. fxe5+ Kxe5 27. Kf2 Be4 28. Bf3 Bc2 29. Rxd8 Rxd8 30. Re1+ Be4 31. Re2 a5 32. Rb2 g5 33. h3 Rd3 34. Be2 Rc3 35. a3 Bc2 36. b4 a4 37. c5 bxc5 38. b5 Be4 39. b6 Rb3 40. Rd2 Rxb6 41. Bd1 c4 42. Bxa4 c3 0-1

[Event "ARG-chT"]
[Site "Villa Martelli"]
[Date "2018.09.01"]
[Round "9.2"]
[White "Iermito, Sebastian"]
[Black "Lopez, Ricardo"]
[Result "1-0"]
[WhiteElo "2522"]
[BlackElo "1998"]
[PlyCount "67"]
[EventDate "2018.07.07"]
[EventType "team-swiss"]
[EventRounds "9"]
[EventCountry "ARG"]
[SourceTitle "CBM 187 Extra"]
[Source "ChessBase"]
[SourceDate "2018.11.04"]
[SourceVersion "1"]
[SourceVersionDate "2018.11.04"]
[SourceQuality "1"]
[WhiteTeam "Obras AySa"]
[BlackTeam "Tren Verde"]
[WhiteTeamCountry "ARG"]
[BlackTeamCountry "ARG"]

1. e4 d5 2. exd5 Qxd5 3. Nc3 Qd8 4. d4 Nf6 5. Bg5 e6 6. Nf3 Be7 7. Bd3 Nbd7 8. Qe2 0-0 9. 0-0-0 c5 10. Rhe1 cxd4 11. Nxd4 Kh8 12. Ne4 Nxe4 13. Bxe7 Qxe7 14. Qxe4 Nf6 15. Qh4 Qc5 16. Nf3 Qh5 17. Qb4 Kg8 18. Ne5 Nd5 19. Qd2 Qh4 20. c4 Nb6 21. Re3 f5 22. g3 Qe7 23. Bc2 a5 24. Qd6 Qxd6 25. Rxd6 Ra6 26. Rb3 Nd7 27. Rxd7 Bxd7 28. Nxd7 Rd8 29. Rxb7 Rd6 30. Ba4 Rd4 31. Bb5 f4 32. c5 fxg3 33. hxg3 Kf7 34. c6 1-0

[Event "ARG-ch sf 93rd"]
[Site "Buenos Aires"]
[Date "2018.05.26"]
[Round "8"]
[White "Rodriguez, Luis Jose Lucio"]
[Black "Lopez, Ricardo"]
[Result "1-0"]
[WhiteElo "2109"]
[BlackElo "1992"]
[PlyCount "55"]
[EventDate "2018.05.19"]
[EventType "swiss"]
[EventRounds "9"]
[EventCountry "ARG"]
[SourceTitle "CBM 184 Extra"]
[Source "ChessBase"]
[SourceDate "2018.06.28"]
[SourceVersion "1"]
[SourceVersionDate "2018.06.28"]
[SourceQuality "1"]

1. d4 d5 2. c4 e6 3. Nc3 Be7 4. Nf3 Nf6 5. Bg5 0-0 6. e3 h6 7. Bxf6 Bxf6 8. Qd2 b6 9. h4 dxc4 10. 0-0-0 Bb7 11. Bxc4 Re8 12. e4 Nc6 13. e5 Be7 14. Qf4 Nb4 15. Kb1 Nd5 16. Nxd5 Bxd5 17. Bxd5 Qxd5 18. g4 Rf8 19. h5 f6 20. Qg3 fxe5 21. Nxe5 Bd6 22. g5 Bxe5 23. dxe5 Qe4+ 24. Ka1 hxg5 25. h6 Qf4 26. hxg7 Kxg7 27. Qh3 Rh8 28. Rd7+ 1-0

[Event "ARG-ch sf 93rd"]
[Site "Buenos Aires"]
[Date "2018.05.25"]
[Round "7"]
[White "Lopez, Ricardo"]
[Black "Zamani, Andres"]
[Result "1/2-1/2"]
[WhiteElo "1992"]
[BlackElo "2173"]
[PlyCount "115"]
[EventDate "2018.05.19"]
[EventType "swiss"]
[EventRounds "9"]
[EventCountry "ARG"]
[SourceTitle "CBM 184 Extra"]
[Source "ChessBase"]
[SourceDate "2018.06.28"]
[SourceVersion "1"]
[SourceVersionDate "2018.06.28"]
[SourceQuality "1"]

1. d4 Nf6 2. Nf3 g6 3. g3 Bg7 4. Bg2 0-0 5. 0-0 d5 6. c4 dxc4 7. Na3 c3 8. bxc3 c5 9. e3 Nc6 10. Qe2 Bd7 11. Rd1 Qc8 12. Nd2 e5 13. d5 Bg4 14. Bf3 Bxf3 15. Nxf3 Ne7 16. e4 Qg4 17. Re1 Nd7 18. Ng5 Qxe2 19. Rxe2 Nc8 20. Nc4 b5 21. Na5 Nd6 22. Rb1 h6 23. Nh3 f5 24. f3 fxe4 25. fxe4 Rf3 26. Bd2 Raf8 27. Kg2 g5 28. Nf2 h5 29. Bxg5 Rxf2+ 30. Rxf2 Rxf2+ 31. Kxf2 Nxe4+ 32. Ke3 Nxc3 33. Rb3 Nxd5+ 34. Ke4 c4 35. Kxd5 cxb3 36. Nxb3 b4 37. Kc6 Nb6 38. Bd2 Bf8 39. Nc5 Kf7 40. Bxb4 Kg6 41. Be1 Kf5 42. Nb3 Kg4 43. Kb7 Kh3 44. Kxa7 Na4 45. Kb7 Nc5+ 46. Nxc5 Bxc5 47. a4 e4 48. a5 e3 49. Kc6 Ba7 50. Kd5 Kxh2 51. Ke4 Kg2 52. Kf4 Kf1 53. Bc3 e2 54. Kg5 Bd4 55. Bb4 Bc5 56. Bc3 Bf2 57. a6 Bd4 58. Bb4 1/2-1/2

[Event "ARG-ch sf 93rd"]
[Site "Buenos Aires"]
[Date "2018.05.22"]
[Round "4"]
[White "Gimenez, Ismael"]
[Black "Lopez, Ricardo"]
[Result "0-1"]
[WhiteElo "2145"]
[BlackElo "1992"]
[PlyCount "96"]
[EventDate "2018.05.19"]
[EventType "swiss"]
[EventRounds "9"]
[EventCountry "ARG"]
[SourceTitle "CBM 184 Extra"]
[Source "ChessBase"]
[SourceDate "2018.06.28"]
[SourceVersion "1"]
[SourceVersionDate "2018.06.28"]
[SourceQuality "1"]

1. c4 e5 2. Nc3 d6 3. g3 f5 4. Bg2 Nf6 5. d4 e4 6. Nh3 c6 7. d5 Be7 8. 0-0 0-0 9. f3 exf3 10. exf3 Na6 11. Re1 Nc7 12. Nf4 Re8 13. b3 Bf8 14. Bb2 Rxe1+ 15. Qxe1 cxd5 16. cxd5 b5 17. Rd1 Bd7 18. Qd2 Rb8 19. b4 a5 20. a3 axb4 21. axb4 Na8 22. Ne6 Qb6+ 23. Kh1 Nc7 24. Nxc7 Qxc7 25. Ne2 Be7 26. Nd4 Qb7 27. Ne6 Qxd5 28. Nd4 Re8 29. g4 fxg4 30. fxg4 Ne4 31. Qe1 Bf6 32. g5 Bxg5 33. Bf3 Qa8 34. Ra1 Qb7 35. Qg1 Bf6 36. Rf1 Rf8 37. Qg2 d5 38. Ba1 Qb6 39. Bxe4 dxe4 40. Qxe4 Bh3 41. Qd5+ Kh8 42. Rf3 Bc8 43. Nc6 Bb7 44. Qd6 Re8 45. Bxf6 Re1+ 46. Kg2 Qg1+ 47. Kh3 Bc8+ 48. Kh4 Qg4# 0-1

[Event "ARG-ch sf 93rd"]
[Site "Buenos Aires"]
[Date "2018.05.21"]
[Round "3"]
[White "Lopez, Ricardo"]
[Black "Guanca, Felipe"]
[Result "1-0"]
[WhiteElo "1992"]
[BlackElo "1648"]
[PlyCount "72"]
[EventDate "2018.05.19"]
[EventType "swiss"]
[EventRounds "9"]
[EventCountry "ARG"]
[SourceTitle "CBM 184 Extra"]
[Source "ChessBase"]
[SourceDate "2018.06.28"]
[SourceVersion "1"]
[SourceVersionDate "2018.06.28"]
[SourceQuality "1"]

1. c4 g6 2. Nc3 Bg7 3. d4 c6 4. e4 d6 5. f4 Qb6 6. Nf3 Bg4 7. d5 Nd7 8. Bd3 Nc5 9. h3 Qb4 10. hxg4 Bxc3+ 11. Ke2 Bg7 12. g5 cxd5 13. exd5 Rc8 14. a3 Qb6 15. Rb1 Nxd3 16. Qxd3 Qc5 17. Nd2 f5 18. b4 Qc7 19. Bb2 Bxb2 20. Rxb2 h5 21. Qd4 Rh7 22. Qxa7 e5 23. dxe6 Qc6 24. Kf2 d5 25. cxd5 Qxd5 26. Re1 Rhc7 27. Re3 Qd6 28. g3 h4 29. Re5 hxg3+ 30. Kxg3 Rc3+ 31. Re3 Qd5 32. Nf3 Rc2 33. Rxc2 Rxc2 34. Qa8+ Qd8 35. Qa4+ Rc6 36. Ne5 Qd4 1-0

[Event "ARG-chT"]
[Site "Villa Martelli"]
[Date "2017.09.23"]
[Round "8.2"]
[White "Lopez, Ricardo"]
[Black "Reinoso, Andres"]
[Result "1/2-1/2"]
[WhiteElo "2010"]
[BlackElo "2007"]
[PlyCount "53"]
[EventDate "2017.08.05"]
[EventType "team-swiss"]
[EventRounds "9"]
[EventCountry "ARG"]
[SourceTitle "EXT 2018"]
[Source "ChessBase"]
[SourceDate "2017.10.13"]
[SourceVersion "1"]
[SourceVersionDate "2017.10.13"]
[SourceQuality "1"]
[WhiteTeam "Tren Verde"]
[BlackTeam "Villa del Parque CC"]
[WhiteTeamCountry "ARG"]
[BlackTeamCountry "ARG"]

1. d4 Nf6 2. c4 e6 3. Nf3 d5 4. Nc3 Be7 5. Bg5 0-0 6. e3 h6 7. Bh4 b6 8. cxd5 Nxd5 9. Bxe7 Qxe7 10. Nxd5 exd5 11. Be2 Be6 12. Ne5 c5 13. Rc1 c4 14. 0-0 Nd7 15. Qd2 Rac8 16. Bf3 Rfd8 17. Rfd1 Nf6 18. a3 Bf5 19. Qb4 Qe6 20. Qa4 Nd7 21. Qxa7 Nxe5 22. dxe5 Ra8 23. Qc7 Rac8 24. Qb7 Rb8 25. Qc7 Rbc8 26. Qb7 Rb8 27. Qc7 1/2-1/2

[Event "ARG-ch sf 92nd"]
[Site "Buenos Aires"]
[Date "2017.07.14"]
[Round "5"]
[White "Lopez, Ricardo"]
[Black "Silva, Lucas"]
[Result "1-0"]
[WhiteElo "1991"]
[BlackElo "1852"]
[PlyCount "65"]
[EventDate "2017.07.10"]
[EventType "swiss"]
[EventRounds "9"]
[EventCountry "ARG"]
[SourceTitle "EXT 2018"]
[Source "ChessBase"]
[SourceDate "2017.10.13"]
[SourceVersion "1"]
[SourceVersionDate "2017.10.13"]
[SourceQuality "1"]

1. d4 Nf6 2. c4 c5 3. d5 b5 4. Qc2 bxc4 5. e4 d6 6. Bxc4 g6 7. Nc3 Bg7 8. Nf3 0-0 9. 0-0 Nbd7 10. Re1 Ng4 11. Bf4 Nge5 12. Nxe5 Nxe5 13. Be2 f5 14. Qd2 Rb8 15. Rab1 Qa5 16. Bh6 fxe4 17. Bxg7 Kxg7 18. Qg5 Rf7 19. h3 Bf5 20. Qe3 h5 21. Rf1 Qb4 22. Rbd1 Rbf8 23. a3 Qxb2 24. Nb5 a6 25. Rd2 Qxb5 26. Bxb5 axb5 27. Rb2 Bd7 28. Qxe4 Rf4 29. Qe3 g5 30. Qc3 Kh6 31. Re1 R4f5 32. Rbe2 Ng6 33. h4 1-0

[Event "ARG-ch sf 92nd"]
[Site "Buenos Aires"]
[Date "2017.07.13"]
[Round "4"]
[White "Asad, Jonathan"]
[Black "Lopez, Ricardo"]
[Result "0-1"]
[WhiteElo "1789"]
[BlackElo "1991"]
[PlyCount "76"]
[EventDate "2017.07.10"]
[EventType "swiss"]
[EventRounds "9"]
[EventCountry "ARG"]
[SourceTitle "EXT 2018"]
[Source "ChessBase"]
[SourceDate "2017.10.13"]
[SourceVersion "1"]
[SourceVersionDate "2017.10.13"]
[SourceQuality "1"]

1. e4 c5 2. Nc3 e6 3. Bc4 Nc6 4. Nf3 a6 5. a4 Nf6 6. e5 Ng4 7. d4 cxd4 8. Nxd4 Ngxe5 9. Nxc6 bxc6 10. Ba2 d5 11. Qd4 Qf6 12. Qb6 Qd8 13. Qd4 Ng6 14. 0-0 e5 15. Re1 Be7 16. Qd3 0-0 17. Bd2 Be6 18. a5 Bb4 19. Ne2 Bxd2 20. Qxd2 Qb8 21. Bb3 Rd8 22. Ra4 c5 23. Raa1 Qb5 24. Qd1 Rab8 25. Ra4 Qb7 26. Ra2 c4 27. Ba4 d4 28. Ng3 c3 29. b3 Nf4 30. f3 Qc7 31. Ne2 Nd5 32. Nc1 Nb4 33. Ra1 Bf5 34. Nd3 Bxd3 35. cxd3 Rbc8 36. Qe2 c2 37. Qd2 Qc3 38. Qg5 Nxd3 0-1

[Event "Villa Martelli zt 2.5"]
[Site "Villa Martelli"]
[Date "2017.05.08"]
[Round "9"]
[White "Lopez, Ricardo"]
[Black "Del Blanco, Eduardo"]
[Result "0-1"]
[WhiteElo "2014"]
[BlackElo "2093"]
[PlyCount "58"]
[EventDate "2017.04.30"]
[EventType "swiss"]
[EventRounds "9"]
[EventCountry "ARG"]
[SourceTitle "CBM 178 Extra"]
[Source "ChessBase"]
[SourceDate "2017.06.22"]
[SourceVersion "1"]
[SourceVersionDate "2017.06.22"]
[SourceQuality "1"]

1. d4 d5 2. c4 e6 3. Nc3 Nf6 4. cxd5 exd5 5. Bg5 c6 6. e3 Be7 7. Bd3 Bg4 8. Qc2 Nbd7 9. f3 Bh5 10. Nge2 Bg6 11. Ng3 Bxd3 12. Qxd3 h6 13. Bxf6 Bxf6 14. 0-0 0-0 15. Nf5 Nb6 16. b4 Qd7 17. Rad1 Nc4 18. Na4 b5 19. Nc5 Qc7 20. Rf2 a5 21. e4 axb4 22. e5 Be7 23. Nb3 Kh8 24. f4 Rg8 25. Qh3 Bf8 26. Rd3 Kh7 27. g4 Ra3 28. Rg3 Qa7 29. Rgg2 Na5 0-1

[Event "Villa Martelli zt 2.5"]
[Site "Villa Martelli"]
[Date "2017.05.03"]
[Round "4"]
[White "Lopez, Ricardo"]
[Black "Torres, Federico"]
[Result "0-1"]
[WhiteElo "2014"]
[BlackElo "2172"]
[PlyCount "138"]
[EventDate "2017.04.30"]
[EventType "swiss"]
[EventRounds "9"]
[EventCountry "ARG"]
[SourceTitle "CBM 178 Extra"]
[Source "ChessBase"]
[SourceDate "2017.06.22"]
[SourceVersion "1"]
[SourceVersionDate "2017.06.22"]
[SourceQuality "1"]

1. e4 e5 2. Nf3 d6 3. d4 Nd7 4. Bc4 c6 5. Nc3 Be7 6. dxe5 dxe5 7. Ng5 Bxg5 8. Qh5 Qe7 9. Qxg5 Ngf6 10. a4 0-0 11. b3 Nc5 12. Ba3 b6 13. 0-0 h6 14. Qe3 Ng4 15. Qe2 a5 16. f3 Nf6 17. Qe3 Ba6 18. Bxa6 Rxa6 19. Bxc5 Qxc5 20. Qxc5 bxc5 21. Rfd1 Rb8 22. Rab1 c4 23. bxc4 Rb4 24. Rd8+ Kh7 25. c5 Rc4 26. Rb6 Ra7 27. Rd3 Rxc5 28. Kf2 Rc4 29. Ke2 Nd7 30. Rb2 Nc5 31. Re3 Ne6 32. Kd3 Rd4+ 33. Ke2 Rad7 34. Kf1 Rd8 35. Nb1 Rd1+ 36. Re1 Nc5 37. Rxd1 Rxd1+ 38. Ke2 Rg1 39. Kf2 Nxa4 40. Ra2 Rxb1 41. Rxa4 Rb2 42. Rc4 Rb6 43. Ra4 Ra6 44. Ke3 Kg6 45. Kd3 h5 46. h4 Kf6 47. Kc3 g5 48. g3 gxh4 49. gxh4 Ke6 50. Kb3 Rb6+ 51. Ka2 Rb5 52. c4 Rb8 53. Rxa5 Rb4 54. c5 Rb5 55. Ra8 Rxc5 56. Kb2 f5 57. Re8+ Kd7 58. Rh8 fxe4 59. fxe4 Rc4 60. Rxh5 Rxe4 61. Rh6 Rd4 62. Kc3 Rd6 63. Rh7+ Ke6 64. h5 Kf5 65. h6 Re6 66. Rf7+ Ke4 67. h7 Rh6 68. Rc7 Ke3 69. Rxc6 Rxc6+ 0-1

[Event "ARG-chT"]
[Site "Villa Martelli"]
[Date "2016.09.24"]
[Round "1.5"]
[White "Lopez, Ricardo"]
[Black "Hungaski, Robert Andrew"]
[Result "0-1"]
[WhiteElo "2092"]
[BlackElo "2485"]
[PlyCount "182"]
[EventDate "2016.09.24"]
[EventType "team-swiss"]
[EventRounds "9"]
[EventCountry "ARG"]
[SourceTitle "EXT 2017"]
[Source "ChessBase"]
[SourceDate "2016.10.25"]
[SourceVersion "1"]
[SourceVersionDate "2016.10.25"]
[SourceQuality "1"]
[WhiteTeam "Tren Verde"]
[BlackTeam "Ferro Carril Oeste"]
[WhiteTeamCountry "ARG"]
[BlackTeamCountry "ARG"]

1. e4 c5 2. Nf3 Nc6 3. Bb5 e6 4. Bxc6 bxc6 5. d3 Ne7 6. Qe2 Ng6 7. h4 h5 8. e5 f6 9. Qe4 Kf7 10. Na3 d5 11. exd6 Qxd6 12. Nc4 Qd5 13. b3 e5 14. Bb2 Be6 15. 0-0-0 Be7 16. Rde1 Rhd8 17. Bc3 Rac8 18. Ba5 Re8 19. Bc3 Bf8 20. Re3 Qxe4 21. Rxe4 Bd5 22. Re3 Nf4 23. Rg1 Bxf3 24. gxf3 Nd5 25. Kd2 Nxe3 26. fxe3 Re6 27. Ke2 g6 28. Bb2 Be7 29. Kf2 Rg8 30. e4 Ke8 31. a4 Kd7 32. Ke3 Bd6 33. Kf2 Bf8 34. Ba3 Kc7 35. Rg2 Re8 36. Rg1 Be7 37. Rg2 Rg7 38. Bb2 Reg8 39. Bc1 Kd7 40. Bh6 Rh7 41. Be3 Rhh8 42. Rg1 Ke6 43. Bd2 f5 44. Bg5 Bd6 45. exf5+ gxf5 46. Re1 Re8 47. f4 Rhf8 48. fxe5 Bc7 49. Be3 f4 50. Bxc5 Rg8 51. Kf3 Rg3+ 52. Ke4 Reg8 53. Rf1 R8g4 54. Rxf4 Rxf4+ 55. Kxf4 Rg4+ 56. Kf3 a6 57. Bf2 Bxe5 58. Nxe5 Kxe5 59. d4+ Kf5 60. c4 Re4 61. b4 Re8 62. Bg3 Rd8 63. Be5 Rd7 64. Bh8 Rb7 65. b5 axb5 66. cxb5 cxb5 67. axb5 Rxb5 68. Be5 Rb3+ 69. Kf2 Rh3 70. Bg3 Kg4 71. Be5 Rxh4 72. d5 Kf5 73. Bg3 Rd4 74. d6 h4 75. Bh2 Rd3 76. Kg2 Ke4 77. Kf2 Rd2+ 78. Kg1 Kf3 79. Be5 Rd5 80. d7 Rxd7 81. Kh2 Kg4 82. Kg2 Rd2+ 83. Kg1 Kh3 84. Bf4 Rd1+ 85. Kf2 Rd4 86. Be5 Rg4 87. Bd6 Rg2+ 88. Kf3 Rg6 89. Be5 Rg5 90. Bd6 Rf5+ 91. Ke2 Kg2 0-1

[Event "ARG-chT"]
[Site "Villa Martelli"]
[Date "2015.10.10"]
[Round "7.5"]
[White "Bulcourf, Carlos"]
[Black "Lopez, Ricardo"]
[Result "0-1"]
[WhiteElo "1978"]
[BlackElo "2082"]
[PlyCount "99"]
[EventDate "2015.08.29"]
[EventType "team-swiss"]
[EventRounds "9"]
[EventCountry "ARG"]
[SourceTitle "EXT 2017"]
[Source "ChessBase"]
[SourceDate "2016.10.25"]
[SourceVersion "1"]
[SourceVersionDate "2016.10.25"]
[SourceQuality "1"]
[WhiteTeam "Vte Lopez University"]
[BlackTeam "Tren Verde"]
[WhiteTeamCountry "ARG"]
[BlackTeamCountry "ARG"]

1. Nf3 c5 2. c3 d5 3. b4 e6 4. bxc5 Bxc5 5. d4 Bd6 6. e3 Nf6 7. Ba3 0-0 8. Bd3 Nc6 9. 0-0 b6 10. Ne5 Bxa3 11. Nxa3 Nxe5 12. dxe5 Nd7 13. f4 Nc5 14. Rf3 Bb7 15. Bxh7+ Kxh7 16. Rh3+ Kg8 17. Qh5 f5 18. Nb5 Ne4 19. Qh7+ Kf7 20. Rh6 Rg8 21. Nd4 Bc8 22. g4 fxg4 23. Rf1 Nd2 24. Rf6+ Qxf6 25. exf6 Nxf1 26. Kxf1 Ba6+ 27. Kf2 Kxf6 28. Qh4+ Kf7 29. Qxg4 Rae8 30. Nc6 Bb5 31. Ne5+ Ke7 32. h4 Kd6 33. Qd1 Kc7 34. a4 Bc6 35. a5 bxa5 36. Qd4 Kb7 37. Qc5 Rc8 38. Qxa5 Rc7 39. Qb4+ Ka8 40. Qd6 Rgc8 41. Qxe6 Bb7 42. Qg6 Rxc3 43. Qxg7 Rc2+ 44. Ke1 Rc1+ 45. Kd2 R8c2+ 46. Kd3 Ba6+ 47. Kd4 Rd1+ 48. Nd3 Rxd3+ 49. Ke5 Rxe3+ 50. Kd6 0-1

[Event "Buenos Aires La Porta Cup"]
[Site "Buenos Aires"]
[Date "2014.12.20"]
[Round "8"]
[White "Benedetti, Julio"]
[Black "Lopez, Ricardo"]
[Result "1-0"]
[WhiteElo "2275"]
[BlackElo "2090"]
[PlyCount "89"]
[EventDate "2014.12.13"]
[EventType "swiss"]
[EventRounds "9"]
[EventCountry "ARG"]
[SourceTitle "EXT 2016"]
[Source "ChessBase"]
[SourceDate "2015.10.08"]
[SourceVersion "1"]
[SourceVersionDate "2015.10.08"]
[SourceQuality "1"]

1. e4 e6 2. d4 d5 3. e5 c5 4. c3 Nc6 5. Nf3 Qb6 6. a3 c4 7. Be2 Bd7 8. 0-0 Na5 9. Nbd2 Be7 10. h3 0-0-0 11. Rb1 Nb3 12. Nxb3 Ba4 13. Nfd2 cxb3 14. Nf3 Kb8 15. Be3 Nh6 16. Bxh6 gxh6 17. Qd2 Bb5 18. Bxb5 Qxb5 19. Qxh6 Rdg8 20. Rfe1 Qd3 21. Qf4 Rg7 22. Rbd1 Qc2 23. Rd2 Qg6 24. g3 Qh5 25. Kg2 h6 26. Rdd1 Qg6 27. Qd2 Qh5 28. Qd3 Rhg8 29. Qb5 Bh4 30. Nxh4 Qxh4 31. Rd3 f5 32. exf6 Qxf6 33. Rf3 Qg6 34. Qxb3 h5 35. Qb4 Re8 36. Rf8 Rd7 37. Re3 Rdd8 38. Rxe8 Rxe8 39. Qd6+ Kc8 40. c4 dxc4 41. Re5 b6 42. d5 Rd8 43. Qc6+ Kb8 44. Rxe6 Qc2 45. d6 1-0